000 00579 #a2200181 #4500
005 20230905132927.0
008 aespañol
082 1 4 _214
_a323
245 0 0 _aSemblanzas I /
_cComisión de Derechos Humanos
260 _aBuenos Aires:
_bSecretaría de Derechos Humanos de la Nación,
_c2011
300 _a93 p.
650 2 7 _91105
_aDERECHOS HUMANOS
_2unescot
650 2 7 _9559
_aDICTADURA
_2unescot
650 2 4 _9522
_aHISTORIA ARGENTINA
710 1 _917828
_aComisión de Derechos Humanos
942 _2ddc
_cLIBRO
980 _619226
_a Palazón Marcela I.
_819226
_g Palazón Marcela I.
999 _c9082
_d9082